| 000 | 00518nam a2200193Ia 4500 | ||
|---|---|---|---|
| 003 | OSt | ||
| 005 | 20200820123155.0 | ||
| 008 | 190216s9999||||xx |||||||||||||| ||und|| | ||
| 020 | _a8187224614 | ||
| 040 | _coclc | ||
| 082 |
_a541.35 _bRAJ/P |
||
| 100 |
_aRaj, Gurdeep _94139 |
||
| 245 | 0 |
_aPhotochemistry / _cGurdeep Raj |
|
| 250 | _a4th Ed. | ||
| 260 |
_bGoel Publishing House, _c2002. _aMeerut: |
||
| 300 | _a220p | ||
| 650 | _aChemistry | ||
| 942 |
_cBK _2ddc _h541.35 _iRAJ/P _k541.35 _mRAJ/P |
||
| 999 |
_c3221 _d3221 |
||